000 01746nam a2200529 i 4500
001 5631
003 KOSZ 005
005 20190801111134.0
008 970510s1993 pl a f f |000 0 pol
015 _aPB 1993/4142
020 _a830111936X
035 _a991000932629705066
035 _a(PL-WaBN)b10286160-48omnis_nlop
035 _ab10286160
035 _a(OCoLC)749436718
035 _a(PL)b0000001028616
035 _a(EXLNZ-48OMNIS_NETWORK)9910369867805606
040 _aWA N
_cWA N
_dKOSZ 005/EG
041 _apol
046 _k1993
080 _a519.7/.8
080 _a(075.8)
100 1 _aKaczorek, Tadeusz
_d(1932- )
_eAutor
245 1 0 _aTeoria sterowania i systemów /
_cTadeusz Kaczorek.
260 _aWarszawa :
_bWydaw. Naukowe PWN,
_c1993.
300 _a801, [1] s. :
_brys., wykr., err. ;
_c25 cm.
336 _2rdacontent
_aTekst
_btxt
337 _2rdamedia
_aBez urządzenia pośredniczącego
_bn
338 _2rdacarrier
_aWolumin
_bnc
380 _aKsiążki
380 _aPublikacje naukowe
380 _aPublikacje dydaktyczne
385 _mPoziom nauczania
_aSzkoły wyższe
388 _a1901-2000
388 _a1989-2000
504 _aBibliogr. s. 772-801.
521 _aKsiążka dla pracowników naukowych i studentów wydziałów elektrycznych politechnik.
650 7 _aTeoria sterowania
_2DBN
650 7 _aTeoria systemów
_2DBN
650 7 _aObwód elektryczny
_2DBN
655 7 _aPodręczniki akademickie
_2DBN
658 _aMatematyka
710 2 _aWydawnictwo Naukowe PWN
_4pbl
856 _uhttp://koha.tu.koszalin.pl/cgi-bin/koha/opac-detail.pl?biblionumber=5631
_yKatalog online BPK
942 _2UKD
_cKS
999 _c5631
_d5631